000 00564nam a2200181Ia 4500
008 090201s9999 xx 000 0 und d
010 _aKPL-57190
040 _bमराठी
041 _aमराठी
082 _a42428
_b57190
100 _aडॉमिनिक लापिअरे
245 _aसिटी ऑफ जॉय
_cडॉमिनिक लापिअरे
260 _c2005
_bमेहता पब्लिशिंग
300 _a512
300 _bमोठा
600 _aसिटी ऑफ जॉय
942 _cBOOK
999 _c239532
_d239532